Pepsi Product: Real or Fake? Quiz Stats

 Plays Quiz Updated Aug 23, 2014

Support Sporcle.
Go Orange.
Score 0/10 Timer 02:00
5 Plays Today
% Correct
Mountain Dew Code Red
88.2%
Crystal Pepsi
82.1%
Pepsi Lime
80.8%
Mountain Dew Live Wire
71.8%
Pepsi Throwback
66.4%
Tropicana Twister Soda Strawberry
58.6%
Sierra Mist Undercover Orange
54.6%
Diet Pepsi Jazz
50.8%
Diet Mountain Dew Ultraviolet
50.5%
Pepsi Holiday Spice
36.4%

You're not logged in!

Compare scores with friends on all Sporcle quizzes.
OR
Log In

From the Vault

4 to 13 Letter 'L' Places

by FilipinoBreloom

Where the 'L' are we, anyway?
Remove Ads.
Support Sporcle.
Get the best of Sporcle when you Go Orange. This ad-free experience offers more features, more stats, and more fun while also helping to support Sporcle. Thank you for becoming a member.

Show Comments

Extras

Top Quizzes Today


Score Distribution

Your Account Isn't Verified!

In order to create a playlist on Sporcle, you need to verify the email address you used during registration. Go to your Sporcle Settings to finish the process.

Report this User

Report this user for behavior that violates our Community Guidelines.

Details: